| 000 | 00373 a2200133 4500 | ||
|---|---|---|---|
| 001 | 91502 | ||
| 082 | _aPR 1468 | ||
| 090 |
_c43643 _d43642 |
||
| 100 | _aQaisar Ilyas Satti; Prof SHahid Niaz (Advisor) | ||
| 245 |
_aMATLAB Simulation of Time Difference of Arrival Principle _n58 "B" EC |
||
| 260 |
_aRawalpindi _bNUST _c2003 |
||
| 300 | _a46p | ||
| 500 | _aBE Project Reports | ||
| 942 |
_aCAE NUST _kPR 1468 |
||
| 999 |
_c326575 _d326575 |
||